Wind loads on unclad structures (Record no. 103789)
[ view plain ]
| 000 -LEADER | |
|---|---|
| fixed length control field | 01673cam a2200289 4500 |
| 008 - FIXED-LENGTH DATA ELEMENTS--GENERAL INFORMATION | |
| fixed length control field | 040916n2004 000 0 eng u |
| 020 ## - INTERNATIONAL STANDARD BOOK NUMBER | |
| International Standard Book Number | 1860817025 |
| 035 ## - SYSTEM CONTROL NUMBER | |
| System control number | (Sirsi) u127435 |
| 041 ## - LANGUAGE CODE | |
| Language code of text/sound track or separate title | eng. |
| 050 ## - LIBRARY OF CONGRESS CALL NUMBER | |
| Classification number | 690 |
| -- | 18 |
| 100 ## - MAIN ENTRY--PERSONAL NAME | |
| Personal name | Blackmore, P. |
| 245 ## - TITLE STATEMENT | |
| Title | Wind loads on unclad structures |
| 260 ## - PUBLICATION, DISTRIBUTION, ETC. | |
| Place of publication, distribution, etc. | Watford |
| Name of publisher, distributor, etc. | BRE |
| Date of publication, distribution, etc. | 2004 |
| 300 ## - PHYSICAL DESCRIPTION | |
| Extent | 16p. |
| Dimensions | 30cm. |
| 490 ## - SERIES STATEMENT | |
| Series statement | BRE Special Digest |
| 520 ## - SUMMARY, ETC. | |
| Summary, etc. | This digest provides up to date guidance on designing lattice structures and individual members for wind loading. The design guidance for this digest is based on information from BS6399-2, EN 1991-1-4 and other relevant sources as appropriate. Much of the current guidance in the UK for wind loads in frames, lattice structures and individual members is based in British Standard Code of Practice CP3: Chapter V: Part 2. This Standard, which was withdrawn in October 2001, gave force coefficients (measured in smooth uniform flow) for a range of unclad structures, including single and multiple frames, lattice structures and individual members. CP3-V has now been superseded by BS6399-2, which is principally applicable to buildings and their components and therefore it includes only limited information on structural members and unclad structures. Filed in BRE digest box after BRE digest 486. |
| 650 ## - SUBJECT ADDED ENTRY--TOPICAL TERM | |
| Topical term or geographic name entry element | WIND LOADS |
| 650 ## - SUBJECT ADDED ENTRY--TOPICAL TERM | |
| Topical term or geographic name entry element | WIND LOADING |
| 650 ## - SUBJECT ADDED ENTRY--TOPICAL TERM | |
| Topical term or geographic name entry element | STRUCTURAL LOADS |
| 650 ## - SUBJECT ADDED ENTRY--TOPICAL TERM | |
| Topical term or geographic name entry element | BS 6399-2 |
| 650 ## - SUBJECT ADDED ENTRY--TOPICAL TERM | |
| Topical term or geographic name entry element | PREN 1991-1-4: 2002 |
| 650 ## - SUBJECT ADDED ENTRY--TOPICAL TERM | |
| Topical term or geographic name entry element | CP3: Chapter 1 |
| 690 ## - LOCAL SUBJECT ADDED ENTRY--TOPICAL TERM (OCLC, RLIN) | |
| Topical term or geographic name as entry element | BUILT ENVIRONMENT-CONSTRUCTION DESIGN |
| 710 ## - ADDED ENTRY--CORPORATE NAME | |
| Corporate name or jurisdiction name as entry element | United Kingdom |
| Subordinate unit | Office of the Deputy Prime Minister |
| 710 ## - ADDED ENTRY--CORPORATE NAME | |
| Corporate name or jurisdiction name as entry element | Building Research Establishment |
| 942 ## - ADDED ENTRY ELEMENTS (KOHA) | |
| Suppress in OPAC | 0 |
| Withdrawn status | Lost status | Source of classification or shelving scheme | Damaged status | Not for loan | Home library | Current library | Shelving location | Date acquired | Total Checkouts | Full call number | Barcode | Date last seen | Copy number | Price effective from | Koha item type |
|---|---|---|---|---|---|---|---|---|---|---|---|---|---|---|---|
| Dewey Decimal Classification | London | London | BRE publications | 23/12/2004 | ENQUIRY DESK | 30069805 | 06/08/2019 | 1 | 06/08/2019 | Book |